<?xml version="1.0" encoding="UTF-8"?><record xmlns="http://www.loc.gov/MARC21/slim" xmlns:zs="http://docs.oasis-open.org/ns/search-ws/sruResponse">
  <leader>01755cam a2200397 i 4500</leader>
  <controlfield tag="001">4385756</controlfield>
  <controlfield tag="005">20250607164952.1</controlfield>
  <controlfield tag="008">931021t18761876paua   j      000 1 eng d</controlfield>
  <datafield ind1=" " ind2=" " tag="035">
    <subfield code="a">4385756</subfield>
  </datafield>
  <datafield ind1=" " ind2=" " tag="906">
    <subfield code="a">7</subfield>
    <subfield code="b">cbc</subfield>
    <subfield code="c">copycat</subfield>
    <subfield code="d">4</subfield>
    <subfield code="e">ncip</subfield>
    <subfield code="f">19</subfield>
    <subfield code="g">y-genrareb</subfield>
  </datafield>
  <datafield ind1=" " ind2=" " tag="955">
    <subfield code="a">nc32/tl 10-07-93; nf17 10-21-93; nc43/sl 11-04-93</subfield>
    <subfield code="i">he06 2016-01-09 NEW INPUT</subfield>
    <subfield code="t">he06 2023-12-05</subfield>
  </datafield>
  <datafield ind1=" " ind2=" " tag="010">
    <subfield code="a">   91156393 </subfield>
  </datafield>
  <datafield ind1=" " ind2=" " tag="035">
    <subfield code="a">(OCoLC)2679932</subfield>
  </datafield>
  <datafield ind1=" " ind2=" " tag="040">
    <subfield code="a">TxCM</subfield>
    <subfield code="b">eng</subfield>
    <subfield code="c">TxCM</subfield>
    <subfield code="e">rda</subfield>
    <subfield code="d">DLC</subfield>
  </datafield>
  <datafield ind1=" " ind2=" " tag="042">
    <subfield code="a">lccopycat</subfield>
  </datafield>
  <datafield ind1="0" ind2="4" tag="050">
    <subfield code="a">PZ5</subfield>
    <subfield code="b">.P783 1876</subfield>
  </datafield>
  <datafield ind1=" " ind2=" " tag="051">
    <subfield code="a">PZ5</subfield>
    <subfield code="b">.P783 1876 Copy 2</subfield>
    <subfield code="c">In original publisher's binding: blue cloth stamped in black and gilt with a pictorial onlay of three children playing on upper board.</subfield>
  </datafield>
  <datafield ind1=" " ind2=" " tag="051">
    <subfield code="a">PZ5</subfield>
    <subfield code="b">.P783 1876 Copy 4</subfield>
    <subfield code="c">In original publisher's binding: illustrated paper over boards, with a color illustration of a mother reading The prattler to three children.</subfield>
  </datafield>
  <datafield ind1=" " ind2=" " tag="051">
    <subfield code="a">PZ5</subfield>
    <subfield code="b">.P783 1876 Copy 3</subfield>
    <subfield code="c">Rebound. LC copy is a copyright deposit: 1876.</subfield>
  </datafield>
  <datafield ind1="0" ind2="4" tag="245">
    <subfield code="a">The Prattler :</subfield>
    <subfield code="b">a picture and story book for boys and girls /</subfield>
    <subfield code="c">edited by Uncle Herbert.</subfield>
  </datafield>
  <datafield ind1=" " ind2="1" tag="264">
    <subfield code="a">Philadelphia :</subfield>
    <subfield code="b">J.B. Lippincott &amp; Co.,</subfield>
    <subfield code="c">[1876]</subfield>
  </datafield>
  <datafield ind1=" " ind2="4" tag="264">
    <subfield code="c">©1876</subfield>
  </datafield>
  <datafield ind1=" " ind2=" " tag="300">
    <subfield code="a">366 pages :</subfield>
    <subfield code="b">illustrations ;</subfield>
    <subfield code="c">20 cm</subfield>
  </datafield>
  <datafield ind1=" " ind2=" " tag="336">
    <subfield code="a">text</subfield>
    <subfield code="b">txt</subfield>
    <subfield code="2">rdacontent</subfield>
  </datafield>
  <datafield ind1=" " ind2=" " tag="337">
    <subfield code="a">unmediated</subfield>
    <subfield code="b">n</subfield>
    <subfield code="2">rdamedia</subfield>
  </datafield>
  <datafield ind1=" " ind2=" " tag="338">
    <subfield code="a">volume</subfield>
    <subfield code="b">nc</subfield>
    <subfield code="2">rdacarrier</subfield>
  </datafield>
  <datafield ind1=" " ind2=" " tag="530">
    <subfield code="a">Also available in digital form.</subfield>
  </datafield>
  <datafield ind1=" " ind2="0" tag="650">
    <subfield code="a">Children's stories.</subfield>
  </datafield>
  <datafield ind1=" " ind2="0" tag="650">
    <subfield code="a">Children's poetry.</subfield>
  </datafield>
  <datafield ind1=" " ind2="7" tag="655">
    <subfield code="a">Juvenile literature</subfield>
    <subfield code="y">1876.</subfield>
    <subfield code="2">rbgenr</subfield>
  </datafield>
  <datafield ind1="1" ind2=" " tag="700">
    <subfield code="a">Arthur, T. S.</subfield>
    <subfield code="q">(Timothy Shay),</subfield>
    <subfield code="d">1809-1885,</subfield>
    <subfield code="e">editor.</subfield>
  </datafield>
  <datafield ind1="2" ind2=" " tag="710">
    <subfield code="a">J.B. Lippincott &amp; Co.,</subfield>
    <subfield code="e">publisher.</subfield>
  </datafield>
  <datafield ind1="4" ind2="1" tag="856">
    <subfield code="u">http://hdl.loc.gov/loc.gdc/scd0001.00021262717</subfield>
  </datafield>
  <datafield ind1=" " ind2=" " tag="984">
    <subfield code="a">gsl</subfield>
  </datafield>
  <datafield ind1=" " ind2=" " tag="985">
    <subfield code="a">massdig</subfield>
    <subfield code="e">kaia</subfield>
  </datafield>
  <datafield ind1=" " ind2=" " tag="991">
    <subfield code="b">c-GenColl</subfield>
    <subfield code="h">PZ5</subfield>
    <subfield code="i">.P783 1876</subfield>
    <subfield code="p">00021262717</subfield>
    <subfield code="t">Copy 1</subfield>
    <subfield code="w">BOOKS</subfield>
  </datafield>
</record>
